[Event "Mundial Juvenil femenino 2005 s14"]
[Site "Belfort FRA"]
[Date "2005.07.20"]
[Round "2.5"]
[White "Sanchez Delgado, Lidia"]
[Black "Muzychuk, Mariya"]
[Result "0-1"]
[WhiteElo "1898"]
[BlackElo "2113"]
[PlyCount "140"]
[EventDate "2005.07.19"]
[EventType "swiss"]
[EventRounds "11"]
[EventCountry "FRA"]
[Source "lmi"]
[SourceDate "2005.07.31"]

1. e4 d5 2. exd5 Nf6 3. Bb5+ Bd7 4. Be2 Nxd5 5. d4 Bf5 6. a3 e6 7. c4 Nb6 8.
Nc3 Be7 9. h3 O-O 10. Nf3 Bf6 11. Be3 Nc6 12. b4 e5 13. d5 e4 14. Nd4 Nxd4 15.
Bxd4 c6 16. O-O Rc8 17. Bxf6 Qxf6 18. Qb3 cxd5 19. c5 d4 20. Nb5 Be6 21. Qg3
Nd5 22. Nd6 Nc3 23. Bg4 Rb8 24. Rae1 Qg6 25. Qe5 f5 26. Qxd4 fxg4 27. Qxc3 gxh3
28. g3 h2+ 29. Kxh2 Qh5+ 30. Kg1 Bh3 31. Rxe4 Bxf1 32. Re7 Qg6 33. Kxf1 Kh8 34.
Kg2 Rf6 35. Re2 Qh5 36. Re5 Qg6 37. Qe3 Rbf8 38. Ne4 Re6 39. Nd6 Rxe5 40. Qxe5
Qc2 41. Qe3 b6 42. Nb7 Qf5 43. Kg1 bxc5 44. Nxc5 Qf3 45. Qxf3 Rxf3 46. a4 Rc3
47. Kf1 a5 48. Na6 axb4 49. Nxb4 Rc4 50. Nd3 Rxa4 51. Ke2 Kg8 52. Ke3 Kf7 53.
Ke2 Kf6 54. Ne1 Kf5 55. Ng2 Kg4 56. Ne3+ Kh3 57. Kf1 Ra1+ 58. Ke2 Kh2 59. Nf5
g5 60. Kf3 h5 61. Ng7 h4 62. Ne6 hxg3 63. fxg3 Ra3+ 64. Kg4 Rxg3+ 65. Kh5 g4
66. Ng5 Rg1 67. Kh4 Rg2 68. Ne4 g3 69. Kg4 Re2 70. Nc3 Rc2 0-1

[Event "Mundial Juvenil femenino 2005 s14"]
[Site "Belfort FRA"]
[Date "2005.07.20"]
[Round "2.6"]
[White "Orehek, Spela"]
[Black "Skinke, Katrina"]
[Result "0-1"]
[WhiteElo "1749"]
[BlackElo "2100"]
[PlyCount "132"]
[EventDate "2005.07.19"]
[EventType "swiss"]
[EventRounds "11"]
[EventCountry "FRA"]
[Source "lmi"]
[SourceDate "2005.07.31"]

1. e4 d6 2. d4 Nf6 3. Nc3 g6 4. Nf3 Bg7 5. Be2 O-O 6. O-O Nbd7 7. h3 e5 8. dxe5
dxe5 9. Be3 c6 10. a4 Qe7 11. Nd2 Nc5 12. Bc4 Rd8 13. Qf3 Ne6 14. Ne2 Nd4 15.
Nxd4 exd4 16. Bg5 h6 17. Bh4 g5 18. Bg3 Nd7 19. Qe2 Ne5 20. Bb3 Be6 21. Nc4
Nxc4 22. Bxc4 Bxc4 23. Qxc4 Qxe4 24. Qb3 Rd7 25. Rfe1 Qf5 26. Rad1 Rad8 27. Rd2
c5 28. Rde2 Kf8 29. Qb5 Bf6 30. b4 b6 31. a5 d3 32. cxd3 Bc3 33. Rd1 Rxd3 34.
Rxd3 Qxd3 35. Qxd3 Rxd3 36. axb6 axb6 37. bxc5 bxc5 38. Be5 Bd2 39. Re4 f5 40.
Rc4 Bb4 41. Rc1 Kf7 42. Kf1 h5 43. f3 Ke6 44. Bg3 Kd5 45. Bf2 c4 46. Rb1 Rb3
47. Rd1+ Kc6 48. Rc1 Kb5 49. Bd4 Rd3 50. Bf6 Bd2 51. Rb1+ Rb3 52. Rd1 c3 53.
Ke2 c2 54. Kxd2 cxd1=Q+ 55. Kxd1 g4 56. hxg4 hxg4 57. fxg4 fxg4 58. Be5 Kc4 59.
g3 Kd3 60. Ke1 Ke3 61. Bf4+ Kf3 62. Kd2 Kg2 63. Ke2 Rxg3 64. Bg5 Rf3 65. Bd8 g3
66. Bh4 Rb3 0-1

[Event "Mundial Juvenil femenino 2005 s14"]
[Site "Belfort FRA"]
[Date "2005.07.20"]
[Round "2.7"]
[White "Garusinghe, U."]
[Black "Guadamuro Torrente, Ana Isabel"]
[Result "1/2-1/2"]
[WhiteElo "1603"]
[BlackElo "2084"]
[PlyCount "91"]
[EventDate "2005.07.19"]
[EventType "swiss"]
[EventRounds "11"]
[EventCountry "FRA"]
[Source "lmi"]
[SourceDate "2005.07.31"]

1. e4 e5 2. Nf3 Nc6 3. d4 exd4 4. Bc4 Nf6 5. Ng5 Ne5 6. Qxd4 d6 7. Bb3 h6 8.
Nf3 Nxf3+ 9. gxf3 Be6 10. Bxe6 fxe6 11. Nc3 Qd7 12. Be3 d5 13. exd5 exd5 14.
O-O-O c6 15. Rde1 Be7 16. Rhg1 c5 17. Qe5 Kf7 18. Qg3 Rhg8 19. Bd2 b5 20. Ne2
g5 21. f4 Ne4 22. Qf3 g4 23. Qg2 Bf6 24. Rd1 b4 25. f3 Nxd2 26. Rxd2 gxf3 27.
Qxf3 Rxg1+ 28. Nxg1 Rd8 29. Qh5+ Kf8 30. Qxh6+ Bg7 31. Qh3 Qxh3 32. Nxh3 c4 33.
Re2 Re8 34. Rxe8+ Kxe8 35. b3 Kf7 36. Kd2 Ke6 37. Ke2 Kf5 38. Kf3 c3 39. Nf2 a5
40. Nd3 Bf6 41. Nc5 d4 42. Nd3 Bg7 43. Nc5 Bf6 44. Nd3 Bg7 45. Nc5 Bf6 46. Nd3
1/2-1/2

[Event "Mundial Juvenil femenino 2005 s14"]
[Site "Belfort FRA"]
[Date "2005.07.20"]
[Round "2.8"]
[White "Kulon, Klaudia"]
[Black "Christensen, Emilie"]
[Result "1-0"]
[WhiteElo "2069"]
[BlackElo "1599"]
[PlyCount "87"]
[EventDate "2005.07.19"]
[EventType "swiss"]
[EventRounds "11"]
[EventCountry "FRA"]
[Source "lmi"]
[SourceDate "2005.07.31"]

1. e4 e6 2. d4 d5 3. Nd2 Nf6 4. e5 Nfd7 5. c3 c5 6. Bd3 Nc6 7. Ne2 Qb6 8. Nf3
Be7 9. h4 cxd4 10. cxd4 Qa5+ 11. Nc3 Bb4 12. Bd2 Qb6 13. a3 Be7 14. Kf1 Nxd4
15. Be3 Bc5 16. b4 Nxf3 17. bxc5 Qc7 18. Qxf3 Qxe5 19. Rc1 O-O 20. Ne2 f5 21.
Bd4 Qc7 22. g4 fxg4 23. Qxg4 e5 24. Qe6+ Kh8 25. Bb2 d4 26. Qe7 Qc6 27. Rg1 Qf6
28. Qxf6 gxf6 29. f4 Rg8 30. Rxg8+ Kxg8 31. Kf2 Nf8 32. Rg1+ Kf7 33. f5 Bd7 34.
Bc1 Bc6 35. Bh6 Rd8 36. Rg7+ Ke8 37. Ng3 Bd5 38. Be2 Rd7 39. Bb5 Bc6 40. Bxc6
bxc6 41. Rg8 Rf7 42. Ne4 Ke7 43. Nd6 Nd7 44. Re8# 1-0

[Event "Mundial Juvenil femenino 2005 s14"]
[Site "Belfort FRA"]
[Date "2005.07.20"]
[Round "2.10"]
[White "Smith, Hazel"]
[Black "Fernandez, Laura"]
[Result "0-1"]
[WhiteElo "2023"]
[BlackElo "1599"]
[PlyCount "110"]
[EventDate "2005.07.19"]
[EventType "swiss"]
[EventRounds "11"]
[EventCountry "FRA"]
[Source "lmi"]
[SourceDate "2005.07.31"]

1. e4 e5 2. Nf3 Nc6 3. Nc3 Nf6 4. d4 exd4 5. Nxd4 Bc5 6. Be3 Bb4 7. f3 O-O 8.
Qd2 d5 9. Nxc6 bxc6 10. O-O-O Qe7 11. Bg5 dxe4 12. fxe4 Bg4 13. Re1 Rfd8 14.
Bd3 Qe5 15. Bxf6 Qxf6 16. e5 Qe6 17. h3 Bh5 18. a3 Be7 19. Qf4 Bg6 20. Bxg6
Qxg6 21. h4 Rab8 22. g4 c5 23. Kb1 Rd4 24. Re4 Qb6 25. Qc1 Qb7 26. Ree1 Rxg4
27. Rhg1 Rxg1 28. Rxg1 Bxh4 29. Nd1 Qe4 30. Qh6 g6 31. Nc3 Qxe5 32. Nd1 Bf6 33.
c3 Bg7 34. Qd2 Re8 35. Ka1 Qd6 36. Qf2 Bh6 37. Rf1 f6 38. Qh4 Bg5 39. Qc4+ Kg7
40. Nf2 f5 41. Rd1 Qg3 42. Nh1 Qf3 43. Rf1 Qe2 44. Qxe2 Rxe2 45. Rd1 Bh4 46.
Rd7+ Kf6 47. Rxh7 Re1+ 48. Ka2 Rxh1 49. Rxc7 f4 50. Rxc5 f3 51. Rc6+ Kf5 52.
Rc7 f2 53. Rc5+ Ke6 54. Rc6+ Kd5 55. Rxg6 f1=Q 0-1

[Event "Mundial Juvenil femenino 2005 s14"]
[Site "Belfort FRA"]
[Date "2005.07.20"]
[Round "2.11"]
[White "Cechetto, Lea"]
[Black "Zaichenko, Daria"]
[Result "0-1"]
[WhiteElo "1599"]
[BlackElo "2023"]
[PlyCount "60"]
[EventDate "2005.07.19"]
[EventType "swiss"]
[EventRounds "11"]
[EventCountry "FRA"]
[Source "lmi"]
[SourceDate "2005.07.31"]

1. e4 e5 2. Nf3 Nc6 3. Bc4 Bc5 4. c3 Nf6 5. d3 d6 6. Nbd2 a6 7. Bb3 Ba7 8. O-O
Bg4 9. Qe2 Qd7 10. Re1 O-O-O 11. Nf1 Nh5 12. h3 Be6 13. Ng5 Nf4 14. Bxf4 exf4
15. Bxe6 fxe6 16. Qg4 Ne5 17. Qe2 h6 18. d4 hxg5 19. dxe5 f3 20. Qd1 fxg2 21.
Kxg2 Qf7 22. Ne3 dxe5 23. Qe2 Qf4 24. Qf3 Qxf3+ 25. Kxf3 Rxh3+ 26. Kg2 Rh4 27.
Nc4 Rdh8 28. f3 Rh2+ 29. Kg3 Bf2+ 30. Kg4 Rg2# 0-1

[Event "Mundial Juvenil femenino 2005 s14"]
[Site "Belfort FRA"]
[Date "2005.07.20"]
[Round "2.12"]
[White "Dudas, Eszter"]
[Black "Kharisma, Irine"]
[Result "0-1"]
[WhiteElo "2000"]
[BlackElo "1599"]
[PlyCount "102"]
[EventDate "2005.07.19"]
[EventType "swiss"]
[EventRounds "11"]
[EventCountry "FRA"]
[Source "lmi"]
[SourceDate "2005.07.31"]

1. e4 c5 2. c3 Nf6 3. e5 Nd5 4. d4 cxd4 5. Nf3 e6 6. cxd4 Qc7 7. Bd2 Nc6 8. Nc3
Nxc3 9. bxc3 d6 10. exd6 Bxd6 11. Bd3 Bf4 12. Qc2 h6 13. O-O O-O 14. Rfd1 b6
15. Bh7+ Kh8 16. Be4 Bb7 17. c4 Rac8 18. d5 Ne5 19. d6 Bxe4 20. Qxe4 Nxf3+ 21.
Qxf3 Bxd6 22. Qh3 Bf4 23. Rac1 Bxd2 24. Rxd2 Qe5 25. Qa3 a5 26. g3 Rc5 27. Rd7
Kg8 28. Rb1 Rxc4 29. Rxb6 Rc2 30. Rb1 Rfc8 31. Qf3 Rc1+ 32. Rxc1 Rxc1+ 33. Kg2
f5 34. Qa8+ Kh7 35. Rd8 Qb5 36. Rh8+ Kg6 37. Qe8+ Qxe8 38. Rxe8 Kf7 39. Ra8 Rc5
40. Kf3 Rc3+ 41. Kf4 Ra3 42. Ke5 Rxa2 43. Ra7+ Kg6 44. Kxe6 Rxf2 45. Rxa5 Rxh2
46. Re5 Rg2 47. Re3 Kg5 48. Rf3 g6 49. Kf7 Kg4 50. Rd3 Rxg3 51. Rd6 Kh3 0-1

[Event "Mundial Juvenil femenino 2005 s14"]
[Site "Belfort FRA"]
[Date "2005.07.20"]
[Round "2.13"]
[White "Jamison, Courtney"]
[Black "Anusca, Madalina-Maria"]
[Result "1/2-1/2"]
[WhiteElo "1599"]
[BlackElo "1999"]
[PlyCount "88"]
[EventDate "2005.07.19"]
[EventType "swiss"]
[EventRounds "11"]
[EventCountry "FRA"]
[Source "lmi"]
[SourceDate "2005.07.31"]

1. e4 c5 2. c3 d5 3. exd5 Qxd5 4. d4 Nc6 5. Nf3 Bg4 6. Be2 cxd4 7. cxd4 Nf6 8.
Nc3 Qd8 9. d5 Bxf3 10. Bxf3 Ne5 11. Bf4 Nxf3+ 12. Qxf3 Qb6 13. O-O g6 14. Rfe1
Bg7 15. d6 O-O 16. Rxe7 Qxb2 17. Rb1 Qa3 18. Rexb7 Rfe8 19. R7b3 Qc5 20. h3 Nh5
21. d7 Red8 22. Qxa8 Rxa8 23. Rb8+ Rxb8 24. Rxb8+ Bf8 25. d8=Q Nxf4 26. Rc8 Qa3
27. Qd2 Ne6 28. Ne4 Qa6 29. Rc2 Bg7 30. Nc5 Nxc5 31. Rxc5 Bf6 32. Qc2 Bd4 33.
Rc8+ Kg7 34. Rc7 Qb6 35. Rc4 Qe6 36. Qc1 Qf6 37. Rc2 Qb6 38. Qd1 Qf6 39. Qe2
Bb6 40. Rb2 Qd4 41. Rb1 Qf6 42. Rf1 Bd4 43. Kh1 Qf4 44. f3 Qh4 1/2-1/2

[Event "Mundial Juvenil femenino 2005 s14"]
[Site "Belfort FRA"]
[Date "2005.07.20"]
[Round "2.15"]
[White "Wiid, Daleen"]
[Black "Laurusaite, Brigita"]
[Result "0-1"]
[WhiteElo "1990"]
[BlackElo "1599"]
[PlyCount "52"]
[EventDate "2005.07.19"]
[EventType "swiss"]
[EventRounds "11"]
[EventCountry "FRA"]
[Source "lmi"]
[SourceDate "2005.07.31"]

1. e4 c5 2. c3 e6 3. d4 d5 4. exd5 exd5 5. Nf3 Nc6 6. Be2 Nf6 7. O-O Be7 8. Be3
Ng4 9. Bf4 O-O 10. h3 Nf6 11. Nbd2 Bf5 12. dxc5 Bxc5 13. Nb3 Bb6 14. Bg5 Be4
15. Nbd4 a6 16. Nxc6 bxc6 17. Ne5 Bc7 18. Ng4 Qd6 19. Bxf6 gxf6 20. Qd4 Kg7 21.
f4 Rab8 22. Qd2 Rg8 23. Bxa6 Kf8 24. Bd3 h5 25. Bxe4 hxg4 26. Rae1 Kg7 0-1

[Event "Mundial Juvenil femenino 2005 s14"]
[Site "Belfort FRA"]
[Date "2005.07.20"]
[Round "2.16"]
[White "Radfar, Ayda"]
[Black "Genzling, Sylvie"]
[Result "0-1"]
[WhiteElo "1599"]
[BlackElo "1968"]
[PlyCount "146"]
[EventDate "2005.07.19"]
[EventType "swiss"]
[EventRounds "11"]
[EventCountry "FRA"]
[Source "lmi"]
[SourceDate "2005.07.31"]

1. e4 e6 2. d4 d5 3. Nc3 Nf6 4. Bg5 dxe4 5. Nxe4 Be7 6. Nxf6+ Bxf6 7. Bxf6 Qxf6
8. Nf3 O-O 9. Bd3 Nc6 10. O-O Rd8 11. c3 Bd7 12. Qe2 h6 13. Rae1 Rab8 14. Ne5
Nxe5 15. dxe5 Qg5 16. f4 Qe7 17. Qe4 g6 18. Qe3 Bc6 19. Bb1 a6 20. f5 exf5 21.
Qxh6 Qf8 22. Qg5 Qg7 23. Qe3 Re8 24. a3 Bd5 25. Qd4 Rbd8 26. Qf4 b5 27. Re3 Re6
28. Rfe1 Rde8 29. Bc2 c5 30. b3 c4 31. bxc4 Bxc4 32. Qd4 Qf8 33. Rg3 Qe7 34.
Bxf5 Rxe5 35. Qxe5 Qxe5 36. Rxe5 Rxe5 37. Bxg6 fxg6 38. Rxg6+ Kf7 39. Rxa6 Bb3
40. Rb6 Rc5 41. h4 Ba4 42. g4 Rxc3 43. Kg2 Rxa3 44. g5 Re3 45. Kf2 Rh3 46. Rh6
b4 47. Kg2 Re3 48. Rf6+ Kg7 49. h5 Re5 50. Rg6+ Kh7 51. Rh6+ Kg7 52. Rg6+ Kf7
53. Rf6+ Ke7 54. Rg6 Bc2 55. Rg7+ Kf8 56. h6 b3 57. g6 Rg5+ 58. Kf2 Rxg6 59.
Rb7 Rxh6 60. Ke3 Rd6 61. Ke2 Ke8 62. Ke3 Kd8 63. Ke2 Kc8 64. Rb4 Kc7 65. Rc4+
Kb6 66. Rb4+ Ka5 67. Rb8 Ka4 68. Ra8+ Kb4 69. Rb8+ Ka3 70. Ra8+ Kb2 71. Ra7 Kc1
72. Ra1+ Bb1 73. Ra3 b2 0-1

[Event "Mundial Juvenil femenino 2005 s14"]
[Site "Belfort FRA"]
[Date "2005.07.20"]
[Round "2.17"]
[White "Porat, Maya"]
[Black "Parrilla, Medina"]
[Result "0-1"]
[WhiteElo "1948"]
[BlackElo "1599"]
[PlyCount "58"]
[EventDate "2005.07.19"]
[EventType "swiss"]
[EventRounds "11"]
[EventCountry "FRA"]
[Source "lmi"]
[SourceDate "2005.07.31"]

1. d4 Nf6 2. c4 g6 3. Nc3 Bg7 4. e4 d6 5. Nf3 O-O 6. Be2 e5 7. dxe5 dxe5 8.
Qxd8 Rxd8 9. Bg5 Rf8 10. O-O c6 11. Rfd1 Nbd7 12. b4 Re8 13. Nd2 Nf8 14. c5 Be6
15. Nc4 Bxc4 16. Bxc4 Rad8 17. a4 Rd4 18. Bd3 Rxb4 19. a5 Ne6 20. Bc1 Rd8 21.
Be3 Ng4 22. Na4 Nxe3 23. fxe3 Bf8 24. Bc2 Rxd1+ 25. Rxd1 Bxc5 26. Nxc5 Nxc5 27.
Rd8+ Kg7 28. Re8 Rc4 29. Bd1 Rc1 0-1

[Event "Mundial Juvenil femenino 2005 s14"]
[Site "Belfort FRA"]
[Date "2005.07.20"]
[Round "2.18"]
[White "Heinatz, Maria"]
[Black "Rysbayeva, Algerim"]
[Result "0-1"]
[WhiteElo "1940"]
[BlackElo "1599"]
[PlyCount "56"]
[EventDate "2005.07.19"]
[EventType "swiss"]
[EventRounds "11"]
[EventCountry "FRA"]
[Source "lmi"]
[SourceDate "2005.07.31"]

1. e4 e5 2. Nf3 Nc6 3. Bb5 g6 4. O-O Bg7 5. c3 Nge7 6. d4 exd4 7. cxd4 d5 8. e5
Bg4 9. h3 Bxf3 10. Qxf3 O-O 11. Be3 Nf5 12. Rd1 f6 13. exf6 Bxf6 14. Bxc6 bxc6
15. Qe2 Qe7 16. Nc3 Rae8 17. Re1 Nxe3 18. Qxe3 Qxe3 19. fxe3 Bh4 20. Re2 Rxe3
21. Rd2 Rfe8 22. Rdd1 Be1 23. Na4 Re2 24. Rac1 Bg3 25. Rf1 Re1 26. Nc5 Rxc1 27.
Rxc1 Re2 28. Na4 Rd2 0-1

[Event "Mundial Juvenil femenino 2005 s14"]
[Site "Belfort FRA"]
[Date "2005.07.20"]
[Round "2.19"]
[White "Ramirez, Heimi"]
[Black "Moernaut, Evelien"]
[Result "1-0"]
[WhiteElo "1599"]
[BlackElo "1935"]
[PlyCount "83"]
[EventDate "2005.07.19"]
[EventType "swiss"]
[EventRounds "11"]
[EventCountry "FRA"]
[Source "lmi"]
[SourceDate "2005.07.31"]

1. d4 f5 2. g3 g6 3. Bg2 Bg7 4. Nf3 d6 5. O-O Nf6 6. c4 O-O 7. Nc3 Qe8 8. d5
Na6 9. Nd4 Nc5 10. b4 Nfe4 11. Ncb5 Na6 12. f3 Nf6 13. Rb1 Bd7 14. Be3 c6 15.
Nc3 Nc7 16. Nb3 cxd5 17. cxd5 Qf7 18. f4 Rfc8 19. Rc1 Ng4 20. Bd4 Nf6 21. Qd2
Bb5 22. Na5 Ba6 23. a4 b6 24. Nc6 Bc4 25. Rfd1 Bb3 26. Re1 Ncxd5 27. Bxf6 Nxf6
28. b5 Kf8 29. Nb4 Rab8 30. Nc6 Nd7 31. Nxb8 Rxb8 32. Nd5 Nc5 33. Nb4 Bxa4 34.
Bd5 e6 35. Ba2 d5 36. Nc6 Ra8 37. Qb4 Kg8 38. Rxc5 bxc5 39. Qxa4 Bc3 40. Rc1 d4
41. Qc4 Re8 42. Qxc5 1-0

[Event "Mundial Juvenil femenino 2005 s14"]
[Site "Belfort FRA"]
[Date "2005.07.20"]
[Round "2.20"]
[White "Elamri, Laila A"]
[Black "Uuganbayar, Khamsuren"]
[Result "1/2-1/2"]
[WhiteElo "1928"]
[BlackElo "1599"]
[PlyCount "137"]
[EventDate "2005.07.19"]
[EventType "swiss"]
[EventRounds "11"]
[EventCountry "FRA"]
[Source "lmi"]
[SourceDate "2005.07.31"]

1. e4 e6 2. d4 d5 3. Nd2 Nf6 4. e5 Nfd7 5. f4 c5 6. c3 Nc6 7. Ngf3 Qb6 8. Nb3
a5 9. dxc5 Nxc5 10. Be3 a4 11. Nxc5 Bxc5 12. Bxc5 Qxc5 13. Qd2 Bd7 14. Bd3 b5
15. Rc1 Rc8 16. Qf2 Nb4 17. Bb1 Qc4 18. Qd4 Na6 19. Kf2 Ke7 20. Nd2 Qxd4+ 21.
cxd4 h6 22. Kf3 Nb4 23. a3 Nc6 24. Ke3 Na5 25. Kd3 Rc6 26. Rxc6 Bxc6 27. Rc1
Rc8 28. g3 Nc4 29. Nxc4 bxc4+ 30. Kc3 Rb8 31. Bc2 f6 32. Rf1 f5 33. h3 g6 34.
g4 Be8 35. gxf5 exf5 36. h4 Ke6 37. Rf3 Rb7 38. Bd1 Rg7 39. Rg3 Rb7 40. Kc2 Rc7
41. Kc3 Rb7 42. Rg2 Rc7 43. h5 gxh5 44. Rh2 Rg7 45. Bxh5 Rg3+ 46. Kc2 Bxh5 47.
Rxh5 Rg2+ 48. Kc3 Rg3+ 49. Kb4 Rb3+ 50. Kc5 Rxb2 51. Rxh6+ Ke7 52. Kxd5 c3 53.
Rh7+ Kd8 54. Rh1 Ke7 55. Kc4 c2 56. Rc1 Ra2 57. Kb4 Rb2+ 58. Kxa4 Ke6 59. Ka5
Kd5 60. Ka6 Kxd4 61. e6 Kd3 62. Ka7 Rb1 63. e7 Rxc1 64. e8=Q Rd1 65. Qb5+ Kd2
66. Qb4+ Kd3 67. Qb3+ Kd2 68. Qb4+ Kd3 69. Qb3+ 1/2-1/2

[Event "Mundial Juvenil femenino 2005 s14"]
[Site "Belfort FRA"]
[Date "2005.07.21"]
[Round "3.2"]
[White "Genzling, Sylvie"]
[Black "Bodnaruk, Anastasia"]
[Result "0-1"]
[WhiteElo "1968"]
[BlackElo "2165"]
[PlyCount "75"]
[EventDate "2005.07.19"]
[EventType "swiss"]
[EventRounds "11"]
[EventCountry "FRA"]
[Source "lmi"]
[SourceDate "2005.07.31"]

1. c4 Nf6 2. Nc3 g6 3. g3 Bg7 4. Bg2 O-O 5. e4 d6 6. Nge2 e5 7. O-O c5 8. d3
Ne8 9. Be3 Nc6 10. Rb1 Be6 11. b3 f5 12. exf5 gxf5 13. f4 Qd7 14. Qd2 Nd4 15.
b4 cxb4 16. Rxb4 Nc6 17. Rb3 Nf6 18. Nd5 Ng4 19. Rfb1 Rab8 20. Kh1 Nxe3 21.
Qxe3 b6 22. Re1 Rbe8 23. Qf2 Kh8 24. Rbb1 Na5 25. Nec3 Nb7 26. Qd2 Nc5 27. Rb5
Bf7 28. Rbb1 Bg6 29. Bh3 Qf7 30. Nb5 Rd8 31. d4 Ne4 32. Qe3 a6 33. Na3 exd4 34.
Qg1 b5 35. Nb4 bxc4 36. Nc6 Qd5 37. Rxe4 Rde8 38. Bf1 0-1

[Event "Mundial Juvenil femenino 2005 s14"]
[Site "Belfort FRA"]
[Date "2005.07.21"]
[Round "3.3"]
[White "Fernandez, Laura"]
[Black "Ramya, Krishna I"]
[Result "1-0"]
[WhiteElo "1599"]
[BlackElo "2165"]
[PlyCount "79"]
[EventDate "2005.07.19"]
[EventType "swiss"]
[EventRounds "11"]
[EventCountry "FRA"]
[Source "lmi"]
[SourceDate "2005.07.31"]

1. e4 e5 2. Nf3 Nc6 3. Bc4 Bc5 4. d3 Nf6 5. c3 a6 6. Nbd2 d6 7. Bb3 O-O 8. h3
Nh5 9. Nf1 Qf6 10. Bg5 Qg6 11. Qd2 h6 12. g4 hxg5 13. gxh5 Qf6 14. Qe2 g4 15.
hxg4 Bxg4 16. N1d2 Nd4 17. cxd4 Bb4 18. Bd1 Qf4 19. Qe3 Qf6 20. Qg5 Qxg5 21.
Nxg5 Bd7 22. a3 Ba5 23. dxe5 dxe5 24. b4 Bb6 25. Nb3 Bb5 26. Bc2 Rad8 27. Rh3
Ba4 28. Rc1 Rd6 29. Nc5 Bc6 30. Ba4 Bxc5 31. bxc5 Rf6 32. Bxc6 Rxc6 33. Nf3 Re8
34. Kd2 Kf8 35. Rb1 b5 36. cxb6 cxb6 37. Rc1 Rd6 38. Rc7 f5 39. exf5 e4 40. Ng5
1-0

[Event "Mundial Juvenil femenino 2005 s14"]
[Site "Belfort FRA"]
[Date "2005.07.21"]
[Round "3.4"]
[White "Laurusaite, Brigita"]
[Black "Melekhina, Alisa"]
[Result "0-1"]
[WhiteElo "1599"]
[BlackElo "2163"]
[PlyCount "100"]
[EventDate "2005.07.19"]
[EventType "swiss"]
[EventRounds "11"]
[EventCountry "FRA"]
[Source "lmi"]
[SourceDate "2005.07.31"]

1. e4 e5 2. Nf3 Nc6 3. Nc3 Nf6 4. d4 exd4 5. Nxd4 Bb4 6. Nxc6 Bxc3+ 7. bxc3
bxc6 8. Bd3 O-O 9. O-O Re8 10. Qf3 h6 11. h3 d6 12. Be3 Be6 13. Rfd1 Qe7 14.
Bd4 c5 15. Bxf6 Qxf6 16. Qxf6 gxf6 17. Bb5 Red8 18. a3 Rab8 19. Rab1 Rb6 20.
Be2 Rdb8 21. Ra1 Rb2 22. Rdc1 Bd7 23. c4 R8b6 24. Bd3 Ra6 25. Kf1 Ra4 26. Ke2
Rb6 27. Rcb1 Be6 28. Rb3 Bxc4 29. Bxc4 Rxc4 30. Kd3 Ra4 31. Rxb6 axb6 32. c4 c6
33. Kc3 b5 34. cxb5 cxb5 35. f3 b4+ 36. Kb3 Rxa3+ 37. Rxa3 bxa3 38. Kxa3 Kf8
39. Kb3 Ke7 40. Kc4 Ke6 41. f4 f5 42. e5 dxe5 43. fxe5 Kxe5 44. Kxc5 Kf4 45.
Kd5 Kg3 46. Ke5 Kxg2 47. h4 Kg3 48. Kxf5 Kxh4 49. Kf6 Kg4 50. Kxf7 h5 0-1

[Event "Mundial Juvenil femenino 2005 s14"]
[Site "Belfort FRA"]
[Date "2005.07.21"]
[Round "3.5"]
[White "Muzychuk, Mariya"]
[Black "Le, Hoan Tran Chau"]
[Result "1-0"]
[WhiteElo "2113"]
[BlackElo "1599"]
[PlyCount "145"]
[EventDate "2005.07.19"]
[EventType "swiss"]
[EventRounds "11"]
[EventCountry "FRA"]
[Source "lmi"]
[SourceDate "2005.07.31"]

1. e4 c5 2. c4 Nc6 3. Ne2 g6 4. d4 cxd4 5. Nxd4 Bg7 6. Be3 d6 7. Nc3 Nf6 8. Be2
O-O 9. O-O Bd7 10. Rc1 Nxd4 11. Bxd4 Bc6 12. f3 e6 13. b4 b6 14. c5 bxc5 15.
bxc5 d5 16. exd5 Nxd5 17. Bxg7 Kxg7 18. Nxd5 Bxd5 19. Qd4+ Qf6 20. Qa4 a5 21.
Bb5 Rfc8 22. c6 Rc7 23. Rc2 Qe7 24. Qd4+ Kg8 25. a4 Qb4 26. Qe3 Rac8 27. Rfc1
Ra8 28. Qe5 Qe7 29. Rb2 f5 30. Rbc2 Bb3 31. Rc3 Bd5 32. Bc4 Bxc4 33. Rxc4 Kf7
34. h3 Raa7 35. Qh8 h5 36. Rd1 Qe8 37. Qh6 Kf6 38. g4 hxg4 39. hxg4 Qg8 40. Qe3
Ke7 41. Qe5 Kf7 42. Rcd4 Qe8 43. gxf5 exf5 44. Qxe8+ Kxe8 45. Re1+ Re7 46. Rc1
Rec7 47. Rd6 g5 48. Rg6 Ra6 49. Rxg5 Raxc6 50. Rxc6 Rxc6 51. Rxf5 Ra6 52. Rb5
Kf7 53. Kf2 Kf6 54. Ke3 Ke6 55. Ke4 Kf6 56. Kf4 Kg6 57. Ke5 Ra7 58. Rb6+ Kg7
59. f4 Re7+ 60. Kf5 Rf7+ 61. Kg5 Ra7 62. Rb5 Kf7 63. f5 Kg7 64. f6+ Kf7 65. Rc5
Rd7 66. Rxa5 Rd1 67. Ra7+ Ke6 68. f7 Rg1+ 69. Kh6 Rh1+ 70. Kg7 Rg1+ 71. Kf8 Rb1
72. Ra6+ Kf5 73. Kg7 1-0

[Event "Mundial Juvenil femenino 2005 s14"]
[Site "Belfort FRA"]
[Date "2005.07.21"]
[Round "3.6"]
[White "Skinke, Katrina"]
[Black "Parrilla, Medina"]
[Result "0-1"]
[WhiteElo "2100"]
[BlackElo "1599"]
[PlyCount "82"]
[EventDate "2005.07.19"]
[EventType "swiss"]
[EventRounds "11"]
[EventCountry "FRA"]
[Source "lmi"]
[SourceDate "2005.07.31"]

1. e4 e5 2. Nf3 Nc6 3. Nc3 Nf6 4. d4 exd4 5. Nxd4 Bb4 6. Nxc6 bxc6 7. Bd3 d5 8.
exd5 cxd5 9. O-O O-O 10. Bg5 c6 11. Qf3 h6 12. Bxf6 Qxf6 13. Qxf6 gxf6 14. Ne2
c5 15. b3 Be6 16. Ng3 Bc3 17. Rad1 Kh8 18. f4 Rad8 19. Be2 Bc8 20. Rd3 Ba5 21.
Rfd1 d4 22. Rf3 Rde8 23. h3 Rg8 24. Bb5 Re7 25. Nh5 Bb7 26. Rg3 Rg6 27. Bd3 Be4
28. Rxg6 fxg6 29. Nxf6 Bxd3 30. cxd3 Re2 31. Ne4 Rxa2 32. Nxc5 Bd2 33. g3 Be3+
34. Kh1 a5 35. h4 Kg7 36. Rf1 Rc2 37. Ne4 Rb2 38. Nc5 Kf6 39. Ra1 Kf5 40. Nd7
Kg4 41. Ne5+ Kxg3 0-1

[Event "Mundial Juvenil femenino 2005 s14"]
[Site "Belfort FRA"]
[Date "2005.07.21"]
[Round "3.7"]
[White "Rysbayeva, Algerim"]
[Black "Kulon, Klaudia"]
[Result "1/2-1/2"]
[WhiteElo "1599"]
[BlackElo "2069"]
[PlyCount "61"]
[EventDate "2005.07.19"]
[EventType "swiss"]
[EventRounds "11"]
[EventCountry "FRA"]
[Source "lmi"]
[SourceDate "2005.07.31"]

1. e4 c5 2. Nf3 Nc6 3. d4 cxd4 4. Nxd4 g6 5. Nc3 Bg7 6. Be3 Nf6 7. Bc4 O-O 8.
O-O Nxe4 9. Nxe4 d5 10. Nxc6 bxc6 11. Bd3 dxe4 12. Bxe4 Ba6 13. Qxd8 Rfxd8 14.
Rfd1 Bxb2 15. Rxd8+ Rxd8 16. Rb1 Bb5 17. Bxa7 Bd4 18. Bxd4 Rxd4 19. Bf3 Rd2 20.
Rc1 Ba4 21. Kf1 e5 22. Ke1 Rxc2 23. Rxc2 Bxc2 24. Bxc6 Kf8 25. Kd2 Bb1 26. a4
Ke7 27. Kc3 Kd6 28. Bb5 Kc5 29. Bc4 f5 30. g3 h6 31. h4 1/2-1/2

[Event "Mundial Juvenil femenino 2005 s14"]
[Site "Belfort FRA"]
[Date "2005.07.21"]
[Round "3.8"]
[White "Zaichenko, Daria"]
[Black "Ramirez, Heimi"]
[Result "1-0"]
[WhiteElo "2023"]
[BlackElo "1599"]
[PlyCount "69"]
[EventDate "2005.07.19"]
[EventType "swiss"]
[EventRounds "11"]
[EventCountry "FRA"]
[Source "lmi"]
[SourceDate "2005.07.31"]

1. d4 Nf6 2. c4 g6 3. Nc3 d5 4. e3 Bg7 5. Nf3 O-O 6. Be2 b6 7. b3 Bb7 8. Bb2
Nbd7 9. O-O c5 10. Rc1 Rc8 11. Qd2 e6 12. cxd5 cxd4 13. Nxd4 Nxd5 14. Ncb5 Nc5
15. Nxa7 Ra8 16. Ndc6 Qd6 17. Bxg7 Kxg7 18. b4 Bxc6 19. Nxc6 Qxc6 20. Qd4+ Kg8
21. bxc5 Rxa2 22. Bf3 Rc8 23. e4 Ne7 24. Qd6 Ra7 25. e5 Nd5 26. cxb6 Qxc1 27.
bxa7 Qc4 28. Qb8 Qa6 29. Be2 Qc6 30. g3 Nc3 31. Bd3 Qe8 32. Qb7 Qd8 33. Ra1 Ra8
34. Rc1 Nd5 35. Ba6 1-0